000 00273nam a2200121Ia 4500
008 190216s9999||||xx |||||||||||||| ||und||
100 _aLarry Colling
245 0 _aAncham Kuthirakaran
260 _bPoorna Pubs Kozhikode
300 _a47p
650 _aNovel
942 _cBK
999 _c26571
_d26571